| 000 | 00566nam a22002057a 4500 | ||
|---|---|---|---|
| 005 | 20151027120416.0 | ||
| 008 | 150330b xxu||||| |||| 00| 0 eng d | ||
| 020 | _a1418835579 | ||
| 041 | 0 | _aeng | |
| 080 | _a004 | ||
| 100 | _aAndrews, Jean, | ||
| 245 |
_aA+ guide to managing and maintaining your PC / _cJean Andrews |
||
| 250 | _a4th ed | ||
| 260 |
_aAustralia; _bCourse Technology, _c2003 |
||
| 300 |
_a1093 f. : _bme il.; _c24 cm |
||
| 650 | _aKompjuteret | ||
| 650 | _aPërpunimi i të dhënave elektronike | ||
| 650 | _aMikrokompjuterët | ||
| 942 |
_2udc _cBK |
||
| 999 |
_c614 _d614 |
||